| Поле | Инд. | ПП | Название | Значение |
|---|---|---|---|---|
| Тип записи | a | |||
| Библиографический уровень | m | |||
| 001 | Контрольный номер | c3e2f99a-b530-4996-adf8-ac891e9642c9 | ||
| 005 | Дата корректировки | 20200305100712.0 | ||
| 008 | Кодируемые данные | 051017 | ||
| 020 | a | ISBN | 5-238-00936-4 | |
| c | Цена, тираж | 88.00 | ||
| 040 | a | Служба первич. каталог. | НБ ТвГУ | |
| 041 | 0_ | a | Код языка текста | rus |
| 080 | a | Индекс УДК | 159.9:659.1(075.8) | |
| a | Индекс УДК | 159.9:659.3(075.8) | ||
| 084 | a | Индекс другой классификации/Индекс ББК | Ю949.1я73-1 | |
| 090 | a | Полочн. индекс | Ю949.1 | |
| x | Авторский знак | Г95 | ||
| 100 | 1_ | a | Автор | Гуревич Павел Семенович |
| 245 | 10 | a | Заглавие | Психология рекламы |
| b | Продолж. заглавия | учеб. для студентов вузов | ||
| c | Ответственность | П. С. Гуревич | ||
| 260 | 0_ | a | Место издания | Москва |
| b | Издательство | ЮНИТИ | ||
| c | Дата издания | 2005 | ||
| 300 | a | Объем | 269, [2] с. | |
| 440 | _0 | a | Серия | Учебники профессора П. С. Гуревича |
| 504 | a | Библиография | Библиогр. в конце гл. и в подстроч. примеч. | |
| 583 | a | Действие | Получение впервые 297 14.10.2005 | |
| k | Исполнитель действия | ООО "Издательство ЮНИТИ-ДАНА" | ||
| 583 | a | Действие | Приписка 387 02.12.2005 | |
| k | Исполнитель действия | ООО "Кроун" | ||
| 583 | a | Действие | Приписка 284 28.07.2006 | |
| k | Исполнитель действия | ООО "Издательство ЮНИТИ-ДАНА" | ||
| 650 | 04 | a | Основная рубрика | Реклама |
| x | Основная подрубрика | Психология | ||
| 650 | 04 | a | Основная рубрика | Массовая коммуникация |
| x | Основная подрубрика | Психология | ||
| x | Основная подрубрика | Учебники для вузов | ||
| 653 | 0_ | a | Ключевые слова | Информационные процессы |
| a | Ключевые слова | Массовая коммуникация | ||
| a | Ключевые слова | Психология рекламы | ||
| a | Ключевые слова | Реклама | ||
| 852 | 41 | p | Инвентарный номер | 820615 |
| t | Порядковый номер экземпляра | 1 | ||
| 852 | 41 | p | Инвентарный номер | 820616 |
| p | Инвентарный номер | 820617 | ||
| t | Порядковый номер экземпляра | 2 | ||
| 852 | 41 | p | Инвентарный номер | 827886 133.00 |
| p | Инвентарный номер | 827887 133.00 | ||
| p | Инвентарный номер | 827888 133.00 | ||
| p | Инвентарный номер | 827889 133.00 | ||
| p | Инвентарный номер | 827890 133.00 | ||
| p | Инвентарный номер | 827891 133.00 | ||
| p | Инвентарный номер | 827892 133.00 | ||
| p | Инвентарный номер | 827893 133.00 | ||
| p | Инвентарный номер | 827894 133.00 | ||
| p | Инвентарный номер | 827895 133.00 | ||
| p | Инвентарный номер | 827896 133.00 | ||
| p | Инвентарный номер | 827897 133.00 | ||
| p | Инвентарный номер | 827898 133.00 | ||
| p | Инвентарный номер | 827899 133.00 | ||
| p | Инвентарный номер | 827900 133.00 | ||
| p | Инвентарный номер | 827901 133.00 | ||
| p | Инвентарный номер | 827902 133.00 | ||
| p | Инвентарный номер | 827903 133.00 | ||
| p | Инвентарный номер | 827904 133.00 | ||
| p | Инвентарный номер | 827905 133.00 | ||
| p | Инвентарный номер | 827906 133.00 | ||
| p | Инвентарный номер | 827907 133.00 | ||
| p | Инвентарный номер | 827908 133.00 | ||
| p | Инвентарный номер | 827909 133.00 | ||
| p | Инвентарный номер | 827910 133.00 | ||
| p | Инвентарный номер | 847368 | ||
| p | Инвентарный номер | 847369 | ||
| p | Инвентарный номер | 847370 | ||
| p | Инвентарный номер | 847371 | ||
| p | Инвентарный номер | 847372 | ||
| p | Инвентарный номер | 847373 | ||
| p | Инвентарный номер | 847374 | ||
| p | Инвентарный номер | 847375 | ||
| p | Инвентарный номер | 847376 | ||
| p | Инвентарный номер | 847377 | ||
| p | Инвентарный номер | 847378 | ||
| p | Инвентарный номер | 847379 | ||
| p | Инвентарный номер | 847380 | ||
| p | Инвентарный номер | 847381 | ||
| p | Инвентарный номер | 847382 | ||
| t | Порядковый номер экземпляра | 40 | ||
| 863 | t | 00110101 | ||
| 863 | t | 00110102 | ||
| 888 | a | За счет средств университета | ||
| 901 | t | Тип документа | m | |
| 930 | a | Новая/Ретро | учебники | |
| 952 | p | 297.2005 88.00 1 820615 | ||
| p | 297.2005 88.00 1 820616 | |||
| p | 297.2005 88.00 1 820617 | |||
| p | 387.2005 133.00 1 827886 | |||
| p | 387.2005 133.00 1 827887 | |||
| p | 387.2005 133.00 1 827888 | |||
| p | 387.2005 133.00 1 827889 | |||
| p | 387.2005 133.00 1 827890 | |||
| p | 387.2005 133.00 1 827891 | |||
| p | 387.2005 133.00 1 827892 | |||
| p | 387.2005 133.00 1 827893 | |||
| p | 387.2005 133.00 1 827894 | |||
| p | 387.2005 133.00 1 827895 | |||
| p | 387.2005 133.00 1 827896 | |||
| p | 387.2005 133.00 1 827897 | |||
| p | 387.2005 133.00 1 827898 | |||
| p | 387.2005 133.00 1 827899 | |||
| p | 387.2005 133.00 1 827900 | |||
| p | 387.2005 133.00 1 827901 | |||
| p | 387.2005 133.00 1 827902 | |||
| p | 387.2005 133.00 1 827903 | |||
| p | 387.2005 133.00 1 827904 | |||
| p | 387.2005 133.00 1 827905 | |||
| p | 387.2005 133.00 1 827906 | |||
| p | 387.2005 133.00 1 827907 | |||
| p | 387.2005 133.00 1 827908 | |||
| p | 387.2005 133.00 1 827909 | |||
| p | 387.2005 133.00 1 827910 | |||
| p | 284.2006 88.00 1 847368 | |||
| p | 284.2006 88.00 1 847369 | |||
| p | 284.2006 88.00 1 847370 | |||
| p | 284.2006 88.00 1 847371 | |||
| p | 284.2006 88.00 1 847372 | |||
| p | 284.2006 88.00 1 847373 | |||
| p | 284.2006 88.00 1 847374 | |||
| p | 284.2006 88.00 1 847375 | |||
| p | 284.2006 88.00 1 847376 | |||
| p | 284.2006 88.00 1 847377 | |||
| p | 284.2006 88.00 1 847378 | |||
| p | 284.2006 88.00 1 847379 | |||
| p | 284.2006 88.00 1 847380 | |||
| p | 284.2006 88.00 1 847381 | |||
| p | 284.2006 88.00 1 847382 | |||
| c | Вид литературы | К ру | ||
| 954 | a | Дата поступления на обработку | 20051124 | |
| 999 | a | Подразделение 2 | ч.з. | |
| a | Подразделение 2 | аб. | ||
| a | Подразделение 2 | уч.о. |